书目信息 |
| 题名: |
城市轨道交通运用与管理
|
|
| 作者: | 阳东 , 甄东生 主编 | |
| 分册: | ||
| 出版信息: | 北京 机械工业出版社 2012.05 |
|
| 页数: | 256页 | |
| 开本: | 26cm | |
| 丛书名: | ||
| 单 册: | ||
| 中图分类: | U239.5 | |
| 科图分类: | ||
| 主题词: | 城市铁路--交通运输管理--职业教育--教材 , 城市铁路 , 交通运输管理 | |
| 电子资源: | ||
| ISBN: | 978-7-111-37612-5 | |
| 000 | 01008nam0 2200265 450 | |
| 001 | 5198 | |
| 005 | 20181014150906.01 | |
| 010 | @a978-7-111-37612-5@dCNY35.00 | |
| 100 | @a20120708d2012 em y0chiy50 ea | |
| 101 | 0 | @achi |
| 102 | @aCN@b110000 | |
| 105 | @aa z 000yy | |
| 200 | 1 | @a城市轨道交通运用与管理@9cheng shi gui dao jiao tong yun yong yu guan li@f阳东,甄东生主编 |
| 210 | @a北京@c机械工业出版社@d2012.05 | |
| 215 | @a256页@c图@d26cm | |
| 300 | @a职业教育城市轨道交通专业规划教材 | |
| 330 | @a本书内容包括:城市轨道交通车辆运用管理规则、城市轨道交通系统设施、城市轨道交通行车组织、电客车驾驶员乘务作业、电客车调车作业、城市轨道交通车辆运用中常见故障的应急处理、城市轨道交通综合仿真培训系统等。 | |
| 606 | 0 | @a城市铁路@x交通运输管理@x职业教育@j教材 |
| 606 | 0 | @a城市铁路 |
| 606 | 0 | @a交通运输管理 |
| 690 | @aU239.5@v5 | |
| 701 | 0 | @a阳东@9yang dong@c(女,@f职业教育)@4主编 |
| 701 | 0 | @a甄东生@9zhen dong sheng@4主编 |
| 801 | 0 | @aCN@b91MARC@c20130904 |
| 905 | @aMuseLib@dU239.5@e786 | |
| 城市轨道交通运用与管理/阳东,甄东生主编.-北京:机械工业出版社,2012.05 |
| 256页:图;26cm |
| 职业教育城市轨道交通专业规划教材 |
| ISBN 978-7-111-37612-5:CNY35.00 |
| 本书内容包括:城市轨道交通车辆运用管理规则、城市轨道交通系统设施、城市轨道交通行车组织、电客车驾驶员乘务作业、电客车调车作业、城市轨道交通车辆运用中常见故障的应急处理、城市轨道交通综合仿真培训系统等。 |
| ● |
| 相关链接 |
|
|
|
|
正题名:城市轨道交通运用与管理
索取号:U239.5/786
 
预约/预借
| 序号 | 登录号 | 条形码 | 馆藏地/架位号 | 状态 | 备注 |
| 1 | 1128569 | 211285697 | 第二样本阅览室/ [索取号:U239.5/786] | 在馆 | |
| 2 | 1128570 | 211285704 | 第三借阅区/ [索取号:U239.5/786] | 在馆 | |
| 3 | 1128571 | 211285713 | 第三借阅区/ [索取号:U239.5/786] | 在馆 | |
| 4 | 1128572 | 211285722 | 第三借阅区/ [索取号:U239.5/786] | 在馆 | |
| 5 | 1128573 | 211285731 | 密集书库-资源管理系/ [索取号:U239.5/786] | 在馆 |